हम स्वस्थ कैसे रहें / (Record no. 67915)

MARC details
000 -LEADER
fixed length control field 00922 aa a2200217 4500
005 - DATE AND TIME OF LATEST TRANSACTION
control field 20120614124252.0
010 ## - LCCN (DPL NO)
LC control number
020 ## - INTERNATIONAL STANDARD BOOK NUMBER
International Standard Book Number 8185829551
Terms of availability 120.00
035 ## - SYSTEM CONTROL NUMBER
System control number A-803449
037 ## - SOURCE OF ACQUISITION
Source of stock number/acquisition D.B.Act / pub
082 ## - DEWEY DECIMAL CLASSIFICATION NUMBER
Classification number 613
100 ## - MAIN ENTRY--PERSONAL NAME
Personal name जौहरी, के.एन.
245 ## - TITLE STATEMENT
Title हम स्वस्थ कैसे रहें /
Statement of responsibility, etc के.एन.जौहरी
246 ## - VARYING FORM OF TITLE
Title proper/short title Hum Swastha kaise rahen
Remainder of title by K.N.Johri
260 ## - PUBLICATION, DISTRIBUTION, ETC. (IMPRINT)
Place of publication, distribution, etc दिल्ली
Name of publisher, distributor, etc ज्ञान गंगा
Date of publication, distribution, etc 1996
270 ## - ADDRESS
Address 205-सी चावड़ी बाजार
City दिल्ली
Postal code 110006
300 ## - PHYSICAL DESCRIPTION
Extent 137पृ
Dimensions 22 सेमी (सजिल्द)
500 ## - GENERAL NOTE
General note सन 2002में आई हुई है
942 ## - ADDED ENTRY ELEMENTS (KOHA)
Institution code [OBSOLETE] dpl
Item type Hindi Books
Call number prefix 613 / जौहरी
Source of classification or shelving scheme Dewey Decimal Classification
Classification part 613
Call number suffix जौहरी
Holdings
Withdrawn status Lost status Not for loan Collection code Home library Current library Date acquired Cost, normal purchase price Full call number Barcode Cost, replacement price Koha item type
      Non-fiction Sarojini Nagar Sarojini Nagar 14/06/2012 120.00 613 जौहरी A-803449 120.00 Hindi Books

© Delhi Public Library
Hit Counter
free hit counter